000 00741nam a2200253Ia 4500
003 OSt
005 20220918202526.0
006 a|||||r|||| 00| 0
007 ta
008 220917b |||||||| |||| 00| 0 eng d
024 _a101,905
037 _cTextual
040 _aARTS
_cARTS
_beng
041 _2eng
_aeng
082 _aV247:2.N5, M0
100 _aAnand Adarash Sein
_9104194
245 0 _aDevelopment of the constitution of Jammu and Kashmir
260 _aNew Delhi
_bLight and Life Publishers
_c1980
300 _axxxviii, 377p. maps
_ccm.
500 _aBibliography p 355--370; Appendix p341--350
650 _aHISTORY
942 _hV247:2.N5, M0
_cTEXL
_2CC
999 _c225365
_d225365